Normal view MARC view
  • Singh Balwinder & disct Ashish

Entry Personal Name

Number of records used in: 1

001 - CONTROL NUMBER

  • control field: 3394

003 - CONTROL NUMBER IDENTIFIER

  • control field: OSt

005 - DATE AND TIME OF LATEST TRANSACTION

  • control field: 20160701121212.0

008 - FIXED-LENGTH DATA ELEMENTS

  • fixed length control field: 160701|| aca||aabn | a|a d

040 ## - CATALOGING SOURCE

  • Original cataloging agency: OSt
  • Transcribing agency: OSt

100 ## - HEADING--PERSONAL NAME

  • Personal name: Singh Balwinder & disct Ashish

670 ## - SOURCE DATA FOUND

  • Source citation: Work cat.: (OSt): Singh Balwinder & disct Ashish, Analog Electronics, 2007